000 01133cam a22003134i 4500
001 13365852
003 EG-ScBUE
005 20250529081946.0
008 031007t2004 nyua f b 001 0 eng d
020 _a0387204504 (acidfree paper)
020 _a9780387204505
040 _aEG-ScBUE
_beng
_erda
_cEG-ScBUE
_dEG-ScBUE
082 0 4 _a530.141
_222
_bANG
100 1 _aAngell, Thomas S.,
_933210
_eauthor.
245 1 0 _aOptimization methods in electromagnetic radiation /
_cThomas S. Angell, Andreas Kirsch.
264 1 _aNew York :
_bSpringer-Verlag, Inc.,
_c[2004]
264 4 _cc2004
300 _axiii, 331 pages :
_billustrations ;
_c25 cm
336 _2rdacontent
_atext
_btxt
337 _aunmediated
_2rdamedia
_bn
338 _avolume
_bnc
_2rdacarrier
504 _aIncludes bibliographical references and index.
650 7 _aMaxwell equations
_xNumerical solutions.
_931435
_2BUEsh
650 7 _aMathematical optimization.
_933212
_2BUEsh
650 7 _aAntennas (Electronics)
_xDesign and construction.
_933213
_2BUEsh
655 _vReading book
700 1 _aKirsch, Andreas,
_d1953-
_933214
_eauthor.
942 _2ddc
_cBB
999 _c17472
_d17444